000 00558nam a2200169 a 4500
001 000030644
005 20200930062427.0
008 110525s1938 dr 000 0 spa d
040 _aDO-SdBNP
_bspa
_cBNPHU
082 _axxx
100 1 _aLugo S., Amable
_957231
111 1 _aConferencia dictada por el Dr. Amable Lugo S. en la Junta Comunical del Partido ¨Dominicano¨ en la
_cRoma
_d1938.
_957232
245 1 0 _aPersonalidad política de Trujillo /
_cAmable Lugo S.
260 _aLa Romana :
_bAtenas,
_c1938.
300 _a16 p. ;
_c18 cm.
049 _aBNPD
999 _c30136
_d30136